000 00870nmm a2200265 a 4500
001 ocm0001864789
003 TR-IsHL
005 20201028172059.0
008 180422s[201 tu tur
007 cr cn
035 _a1864789
_b(N$T)
050 0 4 _aPZ90.T8
_bB34 [2012]
090 0 4 _aPZ90.T8
_bB34 [2012]
100 1 _aBahadıroğlu, Yavuz
245 1 0 _aÇalışkan Mehmet
_h[electronic resource] /
_cYavuz Bahadıroğlu ; resimleyen Elif Yemenici
260 _aİstanbul :
_bNesil Çocuk,
_c[2012]
300 _a16 p.
650 4 _aDil ve Edebiyat
650 4 _aLanguage and Literature
650 0 _aÇocuk hikayeleri, Türk
650 0 _aChildren story, Turkish
650 7 _aJUVENILE FICTION / General
_2bisacsh
700 1 _aYemenici, Elif
856 4 0 _uhttp://search.ebscohost.com/login.aspx?direct=true&scope=site&db=e011xww&AN=1864789
999 _c17022
_d17022